Kínai csereprogramok előkészítésén dolgozik az SZTE Mérnöki Kara

Elmentve itt :
Bibliográfiai részletek
Szerző: Legény Dániel
Dokumentumtípus: Cikk
Megjelent: 2025-06-11
Sorozat:Szegeder.hu
Kulcsszavak:Mérnöki Kar - MK, Kari delegáció, Konferencia - China–CEEC Education Cooperation Exchange Conference - 9., Nemzetközi kapcsolatok - Kína, Oktatás - csereprogramok, Sárosi József - dékán, Együttműködés - Ningbo University - NingboTech University
Online Access:http://univ.bibl.u-szeged.hu/74605
LEADER 00956nab a2200169 i 4500
001 univ74605
005 20250612101340.0
008 250612s2025 hu o 000 hun d
040 |a SZTE UnivHistória Repozitórium  |b hun 
041 |a hun 
100 1 |a Legény Dániel 
245 1 0 |a Kínai csereprogramok előkészítésén dolgozik az SZTE Mérnöki Kara  |h [elektronikus dokumentum] /  |c  Legény Dániel 
260 |c 2025-06-11 
490 0 |a Szegeder.hu 
561 |a Egyetemi hirarchívum 
695 |a Mérnöki Kar - MK, Kari delegáció, Konferencia - China–CEEC Education Cooperation Exchange Conference - 9., Nemzetközi kapcsolatok - Kína, Oktatás - csereprogramok, Sárosi József - dékán, Együttműködés - Ningbo University - NingboTech University 
856 4 0 |u http://univ.bibl.u-szeged.hu/74605/1/K%C3%ADnai%20csereprogramok%20el%C5%91k%C3%A9sz%C3%ADt%C3%A9s%C3%A9n%20dolgozik%20az%20SZTE%20M%C3%A9rn%C3%B6ki%20Kara%20_%20Szegeder.pdf  |z Dokumentum-elérés